<?xml version="1.0" encoding="UTF-8"?>
<marc:record xmlns:marc="http://www.loc.gov/MARC21/slim">
   <marc:leader>00000nam a2200000 a 4500</marc:leader>
   <marc:datafield ind1="1" ind2=" " tag="100">
      <marc:subfield code="a">Gardner, Lisa</marc:subfield>
      <marc:subfield code="4">aut</marc:subfield>
      <marc:subfield code="e">Verfasser/-in</marc:subfield>
   </marc:datafield>
   <marc:datafield ind1="0" ind2="0" tag="245">
      <marc:subfield code="a">Du darfst nicht lieben</marc:subfield>
   </marc:datafield>
   <marc:datafield ind1="0" ind2="0" tag="245">
      <marc:subfield code="b">Thriller</marc:subfield>
   </marc:datafield>
   <marc:datafield ind1="0" ind2="0" tag="245">
      <marc:subfield code="c">Lisa Gardner. Aus dem Engl. von Michael Windgassen</marc:subfield>
   </marc:datafield>
   <marc:datafield ind1=" " ind2="1" tag="264">
      <marc:subfield code="a">Reinbek bei Hamburg</marc:subfield>
      <marc:subfield code="b">Rowohlt-Taschenbuch-Verl.</marc:subfield>
      <marc:subfield code="c">2014</marc:subfield>
   </marc:datafield>
   <marc:datafield ind1="1" ind2=" " tag="520">
      <marc:subfield code="a">Angaben aus der Verlagsmeldung

Du darfst nicht lieben Gardner, Du darfst nicht lieben / von Lisa Gardner

FBI-Agentin Kimberly Quincy ist im fünften Monat schwanger. Doch statt mehr Zurückhaltung zu üben, stürzt sie sich in ihre Arbeit. So ist sie ganz Ohr, als die junge Delilah sie um Hilfe bittet: Prostituierte verschwinden spurlos, zuletzt Delilahs Freundin Ginny. Verdächtig ist ein Kunde: der „Spinnenmann“.
Die Ermittlungen führen in eine Sackgasse: Es scheint, als habe der Täter den Schlüssel zum perfekten Mord gefunden. Keine Leichen, keine Beweise! Doch Kimberly weigert sich aufzugeben.
Währenddessen spinnt der Mörder sein tödliches Netz. Und wartet ...
</marc:subfield>
   </marc:datafield>
   <marc:datafield ind1=" " ind2=" " tag="020">
      <marc:subfield code="a">9783499255847</marc:subfield>
      <marc:subfield code="9">9783499255847</marc:subfield>
   </marc:datafield>
   <marc:datafield ind1=" " ind2=" " tag="020">
      <marc:subfield code="a">3499255847</marc:subfield>
      <marc:subfield code="9">3499255847</marc:subfield>
   </marc:datafield>
   <marc:datafield ind1=" " ind2=" " tag="041">
      <marc:subfield code="a">ger</marc:subfield>
   </marc:datafield>
   <marc:datafield ind1=" " ind2=" " tag="300">
      <marc:subfield code="a">477 S.</marc:subfield>
   </marc:datafield>
</marc:record>
